Verfassungsrechtliche Aufsatze aus den Jahren 1924-1954: Materialien zu einer Verfassungslehre
में बचाया:
| मुख्य लेखक: | |
|---|---|
| स्वरूप: | पुस्तक |
| भाषा: | जर्मन |
| प्रकाशित: |
Berlín
Duncker und Humblot
1973
|
| संस्करण: | 2a. ed |
| विषय: | |
| टैग: |
टैग जोड़ें
कोई टैग नहीं, इस रिकॉर्ड को टैग करने वाले पहले व्यक्ति बनें!
|
MARC
| LEADER | 00000nam a2200000 a 4500 | ||
|---|---|---|---|
| 001 | UCV2118 | ||
| 003 | CL-VaPUC | ||
| 008 | 911030e19730000GW |||||||||||||||||ger|d | ||
| 082 | 0 | 4 | |a 342 |b SCH |2 21 |
| 100 | |a Schmitt, Carl, |d 1888-1985 |e author |9 258380 | ||
| 245 | 1 | 0 | |a Verfassungsrechtliche Aufsatze aus den Jahren 1924-1954: Materialien zu einer Verfassungslehre |
| 250 | |a 2a. ed | ||
| 300 | |a 517 p | ||
| 942 | |c BK | ||
| 945 | |d 19911030 00:00:00 | ||
| 260 | |a Berlín |b Duncker und Humblot |c 1973 | ||
| 650 | 0 | |a Derecho constitucional |9 222588 | |
| 650 | 0 | |a Historia constitucional |9 256052 | |
| 651 | 0 | |a Alemania |9 255688 | |
| 583 | |a last modification |c 19911030 00:00:00 |k Rodrigo Vera | ||
| 999 | |c 209802 |d 209800 | ||
| 952 | |0 0 |1 0 |4 0 |6 342_000000000000000_SCH_1973 |7 0 |8 A |9 185565 |a BIBDER |b BIBDER |d 2019-11-14 |i 2530368 |l 1 |m 4 |o 342 SCH 1973 |p 2530368 |q 2025-12-31 |r 2020-04-22 |s 2020-04-22 |w 2019-11-14 |y BK |k DER | ||